Statistics for Ten Capital Cities Longitudinally and Latitudinally Closest to Me, and Guess Where I Live Now

Click here to take the quiz!

General Stats

  • This quiz has been taken 346 times
  • The average score is 13 of 21

Answer Stats

HintRankAnswer% Correct
Latitudinally1stLondon
95%
Longitudinally4thLondon
95%
Latitudinally7thBerlin
89%
Latitudinally10thDublin
87%
Longitudinally6thDublin
87%
Latitudinally5thAmsterdam
86%
Longitudinally3rdMadrid
86%
Latitudinally3rdBrussels
84%
Latitudinally4thWarsaw
77%
Latitudinally9thLuxembourg
68%
Longitudinally9thRabat
68%
Latitudinally8thPrague
64%
Latitudinally6thKiev
56%
Longitudinally8thAndorra la Vella
51%
Longitudinally2ndAccra
48%
Latitudinally2ndAstana
38%
Longitudinally1stOuagadougou
37%
Longitudinally7thLome
35%
Longitudinally10thNiamey
30%
Longitudinally5thYamoussoukro
30%
Where am I living?Bristol, United Kingdom
22%

Score Distribution

Percentile by Number Answered

Percent of People with Each Score

Your Score History

You have not taken this quiz